পৃথিবী আমার আসল ঠিকানা নয় / (Record no. 13856)
[ view plain ]
| 000 -LEADER | |
|---|---|
| fixed length control field | 00879nam a2200241 a 4500 |
| 001 - CONTROL NUMBER | |
| JCCL Control Number | 13856 |
| 003 - CONTROL NUMBER IDENTIFIER | |
| JCCL marc code | BD-JhCC |
| 005 - DATE AND TIME OF LATEST TRANSACTION | |
| control field | 20240423125453.0 |
| 008 - FIXED-LENGTH DATA ELEMENTS--GENERAL INFORMATION | |
| fixed length control field | 181026b20182022bg |||| ||a| 000 0 ben d |
| 020 ## - INTERNATIONAL STANDARD BOOK NUMBER | |
| International Standard Book Number | 9789849031017 |
| 035 ## - SYSTEM CONTROL NUMBER | |
| system control number | (BD-JhCC)13856 |
| 040 ## - CATALOGING SOURCE | |
| Original cataloging agency | BD-JhCC |
| Modifying agency | BD-JhCC |
| 041 ## - LANGUAGE CODE | |
| Language code of Book | bengali |
| 082 ## - DEWEY DECIMAL CLASSIFICATION NUMBER | |
| Classification number | 297 |
| Author mark and Year | JAM 2022 |
| 100 ## - MAIN ENTRY--PERSONAL NAME | |
| Personal name | জামিল,তারিক |
| 245 ## - TITLE STATEMENT | |
| Title | পৃথিবী আমার আসল ঠিকানা নয় / |
| Statement of responsibility, etc | তারিক জামিল,অনু: মাওলানা কাওসার বিন নুরুদ্দীন । |
| Remainder of title | |
| 260 ## - PUBLICATION, DISTRIBUTION, ETC. (IMPRINT) | |
| Place of publication, distribution, etc | ঢাকা: |
| Name of publisher, distributor, etc | বিননুরী লাইব্রেরী; |
| Date of publication, distribution, etc | 2022. |
| 300 ## - PHYSICAL DESCRIPTION | |
| Pagination | 128 p. : |
| Dimensions | 22 cm. |
| 650 ## - SUBJECT ADDED ENTRY--TOPICAL TERM | |
| Topical term or geographic name as entry element | Islamic |
| 700 ## - ADDED ENTRY--PERSONAL NAME | |
| Personal name | নুরুদ্দীন,মাওলানা কাওসার বিন |
| 942 ## - ADDED ENTRY ELEMENTS (KOHA) | |
| Source of classification or shelving scheme | Dewey Decimal Classification |
| Koha item type | Books |
| Source of classification or shelving scheme | Damaged status | Not for loan | Home library | Current library | Shelving location | Date of accession | Source of acquisition | Cost, normal purchase price | Total Checkouts | Full call number | Barcode | Date last seen | Date checked out | Copy number | Method of acquisition | Koha item type | Currency |
|---|---|---|---|---|---|---|---|---|---|---|---|---|---|---|---|---|---|
| Dewey Decimal Classification | JCC Rouf Library | JCC Rouf Library | General Stacks | With The Compliments Of 7th Intake | 160.00 | 1 | 297 JAM 2022 | 19253 | 11/16/2025 | 07/09/2025 | C-1 | Gift/Donation | Books | BDT |